| 000 -LEADER |
| fixed length control field |
00623cam a22001814a 4500 |
| 020 ## - INTERNATIONAL STANDARD BOOK NUMBER |
| ISBN |
2845863101 |
| 040 ## - CATALOGING SOURCE |
| Transcribing agency |
DLC |
| 082 00 - DEWEY DECIMAL CLASSIFICATION NUMBER |
| Classification number |
338 KAR 2002 A012 Co. |
| 245 00 - TITLE STATEMENT |
| Title |
Biens publics mondiaux et coopération internationale : |
| Remainder of title |
nouvelle stratégie pour de nouveaux enjeux / |
| 260 ## - PUBLICATION, DISTRIBUTION, ETC. (IMPRINT) |
| Place of publication |
Paris : |
| Name of publisher |
Karthala, |
| Year of publication |
2002. |
| 300 ## - PHYSICAL DESCRIPTION |
| Number of Pages |
327 p. ; |
| Dimensions |
22 cm. |
| 500 ## - GENERAL NOTE |
| General note |
"Actes du séminaire organisé les 3, 4 et 5 septembre 2001 à Sèvres"--P. opp. t.p. |
| 650 #0 - SUBJECT ADDED ENTRY--TOPICAL TERM |
| Topical Term |
Basic needs |
| 650 #0 - SUBJECT ADDED ENTRY--TOPICAL TERM |
| Topical Term |
Economic assistance |
| 650 #0 - SUBJECT ADDED ENTRY--TOPICAL TERM |
| Topical Term |
Social justice |
| 710 2# - ADDED ENTRY--CORPORATE NAME |
| Corporate name or jurisdiction name as entry element |
Haut Conseil de la coopération internationale (France). |
| 942 ## - ADDED ENTRY ELEMENTS (KOHA) |
| Koha item type |
សៀវភៅភាសាបារាំង |
| 952 ## - LOCATION AND ITEM INFORMATION (KOHA) |
| Withdrawn status [LOCAL, KOHA] |
0 |